| 000 | 00422nam a22001457a 4500 | ||
|---|---|---|---|
| 082 |
_a624.18341 _bFER _cL-37, P-51 |
||
| 100 |
_aFerguson, Phil M. _943097 |
||
| 245 |
_aReinforced concrete fundamentals _cFerguson, Phil M. |
||
| 250 | _a5th ed. | ||
| 260 |
_a Sydney _bJohn Wiley & Sons _c1988 |
||
| 300 |
_axiv, 746 p. _bill. _c23 cm. |
||
| 526 |
_a0 _b0 _c0 _d624_183410000000000_FER |
||
| 650 |
_aMCE _9379 |
||
| 942 |
_2ddc _cBK |
||
| 999 |
_c546899 _d546899 |
||